Investigación de operaciones: aplicaciones y algoritmos

I tiakina i:
Ngā taipitopito rārangi puna kōrero
Kaituhi matua: Winston, Wayne L (Author)
Hōputu: Pukapuka
Reo:Pāniora
I whakaputaina: Ciudad de México International Thomson 2005
Putanga:4a. ed
Ngā marau:
Ngā Tūtohu: Tāpirihia he Tūtohu
Kāore He Tūtohu, Me noho koe te mea tuatahi ki te tūtohu i tēnei pūkete!

MARC

LEADER 00000cam a2200000 a 4500
001 UCK3293
003 CL-VaPUC
008 050422e20050000MX |||||||||||||||||spa|d
020 |a 9706863621 
082 0 4 |a 658.403  |b WIN  |2 21 
100 0 |a Winston, Wayne L  |e author  |9 491383 
245 1 0 |a Investigación de operaciones: aplicaciones y algoritmos 
250 |a 4a. ed 
300 |a 1418 p 
942 |c BK 
945 |d 20050422 00:00:00  |a cmena 
260 |a Ciudad de México  |b International Thomson  |c 2005 
650 0 |a Investigación de operaciones  |9 356906 
650 0 |a Programación lineal   |9 23 
650 0 |a Toma de decisiones   |9 257530 
650 0 |a Teoría de probabilidades   |9 336944 
650 7 |a INVENTARIO DE RECURSOS  |2 CL-VaPUC  |9 358962 
583 |a last modification  |c 20131203 09:10:17  |k Rodrigo Vera 
999 |c 312540  |d 312538 
952 |0 0  |1 0  |4 0  |6 658_403000000000000_WIN_2005  |7 0  |8 R  |9 382996  |a BIBENE  |b BIBENE  |d 2019-11-21  |i 4115678  |o 658.403 WIN 2005  |p 4115678  |r 2025-01-15  |w 2019-11-21  |y BK_R  |k ICO 
952 |0 0  |1 0  |2 ddc  |4 0  |6 658_403000000000000_WIN_2005  |7 0  |8 A  |9 382997  |a BIBING  |b BIBING  |c RES  |d 2019-11-21  |i 4310152  |o 658.403 WIN 2005  |p 4310152  |r 2025-01-20  |w 2019-11-21  |y BK  |k EII 
952 |0 0  |1 0  |2 ddc  |4 0  |6 658_403000000000000_WIN_2005  |7 0  |8 A  |9 382998  |a BIBING  |b BIBING  |c RES  |d 2019-11-21  |i 4310160  |o 658.403 WIN 2005  |p 4310160  |r 2025-01-20  |w 2019-11-21  |y BK  |k EII 
952 |0 0  |1 0  |2 ddc  |4 0  |6 658_403000000000000_WIN_2005  |7 0  |8 A  |9 382999  |a BIBING  |b BIBING  |c RES  |d 2019-11-21  |i 4310179  |o 658.403 WIN 2005  |p 4310179  |r 2025-01-20  |w 2019-11-21  |y BK  |k EII 
952 |0 0  |1 0  |2 ddc  |4 0  |6 658_403000000000000_WIN_2005  |7 0  |8 A  |9 383001  |a BIBING  |b BIBING  |c RES  |d 2019-11-21  |i 4310195  |o 658.403 WIN 2005  |p 4310195  |r 2025-01-20  |w 2019-11-21  |y BK  |k EII 
952 |0 0  |1 0  |2 ddc  |4 0  |6 658_403000000000000_WIN_2005  |7 0  |8 A  |9 383002  |a BIBING  |b BIBING  |c RES  |d 2019-11-21  |i 4310497  |o 658.403 WIN 2005  |p 4310497  |r 2025-01-20  |w 2019-11-21  |y BK  |k TRA 
952 |0 0  |1 0  |2 ddc  |4 0  |6 658_403000000000000_WIN_2005  |7 0  |8 A  |9 383003  |a BIBING  |b BIBING  |c RES  |d 2019-11-21  |i 4367332  |l 1  |o 658.403 WIN 2005  |p 4367332  |r 2025-01-20  |s 2022-04-04  |w 2019-11-21  |y BK  |k TRA 
952 |0 0  |1 0  |2 ddc  |4 0  |6 658_403000000000000_WIN_2005  |7 0  |8 A  |9 383004  |a BIBING  |b BIBING  |c RES  |d 2019-11-21  |i 4367340  |o 658.403 WIN 2005  |p 4367340  |r 2025-01-20  |w 2019-11-21  |y BK  |k TRA 
952 |0 0  |1 0  |4 0  |6 658_403000000000000_WIN_2005  |7 0  |8 R  |9 383005  |a BIBENE  |b BIBENE  |d 2019-11-21  |i 4392973  |o 658.403 WIN 2005  |p 4392973  |r 2025-01-15  |w 2019-11-21  |y BK_R  |k ICO 
952 |0 0  |1 0  |4 0  |6 658_403000000000000_WIN_2005  |7 0  |8 R  |9 383006  |a BIBGIM  |b BIBGIM  |d 2019-11-21  |i 4784537  |l 1  |o 658.403 WIN 2005  |p 4784537  |q 2019-01-21  |r 2020-08-04  |s 2020-08-04  |w 2019-11-21  |y BK_R  |k EST 
952 |0 0  |1 0  |4 0  |6 658_403000000000000_WIN_2005  |7 0  |8 R  |9 383007  |a BIBGIM  |b BIBGIM  |d 2019-11-21  |i 4784545  |o 658.403 WIN 2005  |p 4784545  |r 2025-01-15  |w 2019-11-21  |y BK_R  |k EST 
952 |0 0  |1 0  |4 0  |6 658_403000000000000_WIN_2005  |7 0  |8 R  |9 383008  |a BIBGIM  |b BIBGIM  |d 2019-11-21  |i 4784553  |o 658.403 WIN 2005  |p 4784553  |r 2025-01-15  |w 2019-11-21  |y BK_R  |k EST 
952 |0 0  |1 0  |4 0  |6 658_403000000000000_WIN_2005  |7 0  |8 R  |9 383009  |a BIBENE  |b BIBENE  |d 2019-11-21  |i 4811925  |o 658.403 WIN 2005  |p 4811925  |r 2025-01-15  |w 2019-11-21  |y BK_R  |k ICO 
952 |0 0  |1 0  |4 0  |6 658_403000000000000_WIN_2005  |7 0  |8 R  |9 383010  |a BIBGIM  |b BIBGIM  |d 2019-11-21  |i 4845730  |o 658.403 WIN 2005  |p 4845730  |r 2025-01-15  |w 2019-11-21  |y BK_R  |k EST 
952 |0 0  |1 0  |4 0  |6 658_403000000000000_WIN_2005  |7 0  |8 R  |9 383011  |a BIBGIM  |b BIBGIM  |d 2019-11-21  |i 4845749  |l 1  |o 658.403 WIN 2005  |p 4845749  |r 2025-01-15  |s 2023-11-22  |w 2019-11-21  |y BK_R  |k EST 
952 |0 0  |1 0  |4 0  |6 658_403000000000000_WIN_2005  |7 0  |8 R  |9 383012  |a BIBGIM  |b BIBGIM  |d 2019-11-21  |i 4845757  |o 658.403 WIN 2005  |p 4845757  |r 2025-01-15  |w 2019-11-21  |y BK_R  |k EST 
952 |0 0  |1 0  |2 ddc  |3 erb  |4 0  |6 658_403000000000000_WIN_2005  |7 0  |8 A  |9 383013  |a BIBING  |b BIBING  |c RES  |i 5033128  |o 658.403 WIN 2005  |p 5033128  |r 2025-01-20  |w 2019-11-21  |y BK  |z Catalogado en:20131206  |k TRA